000 00422pab a2200157 454500
008 180718b2003 xxu||||| |||| 00| 0 eng d
100 _aWinchell, T.E., Sr.
245 _aObstacles to empowernment in the federal service
260 _c2003
300 _ap.23-25.
362 _aSpring
650 _aAdministrative reform - United States
650 _aAdministrative reform
773 _aPublic Manager
909 _a56820
999 _c56820
_d56820